En los dominios de la salud y la cultura: estudio de caracterización de los factores de riesgo y vulnerabilidad frente al VIH-SIDA en pueblos originarios
Gespeichert in:
| Hauptverfasser: | , |
|---|---|
| Format: | Buch |
| Sprache: | Spanisch |
| Veröffentlicht: |
Santiago
Ministerio de Salud
2006
|
| Ausgabe: | 1a. ed |
| Schriftenreihe: | Colección Publicaciones Conasida, 2
|
| Schlagworte: | |
| Tags: |
Tag hinzufügen
Keine Tags, Fügen Sie den ersten Tag hinzu!
|
MARC
| LEADER | 00000nam a2200000 a 4500 | ||
|---|---|---|---|
| 001 | UCI5777 | ||
| 003 | CL-VaPUC | ||
| 008 | 080404e20061100CL |||||||||||||||||spa|d | ||
| 020 | |a 9567711410 | ||
| 082 | 0 | 4 | |a 616.9792 |b SAD |2 21 |
| 100 | 0 | |a Sadler, Michelle |e author |9 528398 | |
| 700 | 0 | |a Obach, Alexandra |e author |9 528399 | |
| 245 | 1 | 0 | |a En los dominios de la salud y la cultura: estudio de caracterización de los factores de riesgo y vulnerabilidad frente al VIH-SIDA en pueblos originarios |
| 250 | |a 1a. ed | ||
| 300 | |a 197 p | ||
| 942 | |c BK | ||
| 945 | |d 20080404 00:00:00 |a jtorresc | ||
| 260 | |a Santiago |b Ministerio de Salud |c 2006 | ||
| 650 | 0 | |a SIDA (Síndrome de Inmunodeficiencia Adquirida) |9 256118 | |
| 650 | 7 | |a SINDROME DE INMUNODEFICIENCIA ADQUIRIDA |2 CL-VaPUC |9 486384 | |
| 650 | 0 | |a Problemas sociales |9 258537 | |
| 650 | 0 | |a Identidad cultural |9 319131 | |
| 650 | 7 | |a AYMARAS |2 CL-VaPUC |9 459435 | |
| 650 | 0 | |a Culturas indígenas |9 266389 | |
| 650 | 0 | |a Rapa Nui |9 504128 | |
| 583 | |a last modification |c 20080404 00:00:00 |k Rodrigo Vera | ||
| 490 | 0 | |a Colección Publicaciones Conasida, 2 | |
| 999 | |c 329467 |d 329465 | ||
| 952 | |0 0 |1 0 |4 0 |6 616_979200000000000_SAD_2006 |7 0 |8 A |9 414220 |a BIBCUR |b BIBCUR |d 2019-11-22 |i 442235K |o 616.9792 SAD 2006 |p 442235K |r 2025-04-22 |w 2019-11-22 |y BK |k PER | ||
| 952 | |0 0 |1 0 |4 0 |6 616_979200000000000_SAD_2006 |7 0 |8 A |9 414221 |a BIBGIM |b BIBGIM |d 2019-11-22 |i 4422368 |o 616.9792 SAD 2006 |p 4422368 |r 2025-01-15 |w 2019-11-22 |y BK |k SSL | ||
| 952 | |0 0 |1 0 |4 0 |6 616_979200000000000_SAD_2006 |7 0 |8 A |9 414222 |a BIBCUR |b BIBCUR |d 2019-11-22 |i 4425995 |o 616.9792 SAD 2006 |p 4425995 |r 2025-04-22 |w 2019-11-22 |y BK |k PER | ||